000 00421pab a2200169 454500
008 180718b2008 xxu||||| |||| 00| 0 eng d
100 _aKuma, T. Ravi
245 _aPay structure in higher education: some issues
260 _c2008
300 _ap.19-22.
362 _a19 Apr
650 _aHigher education
700 _aSharma, Vijender
773 _aEconomic and Political Weekly
908 _aN
909 _a77837
999 _c77837
_d77837